00743nam a2200181 i 4500001000700000003000900007005001700016007000300033008004100036100003800077245015300115260006100268300002200329700003800351852003200389999001900421952012100440150702ES-MaACL20230906203641.0t|071106q19501959sp ||||1| spa d1 aDols Sacristán, Antonio.94504810aContabilidad y organización de las cooperativas del campo y de crédito / cpor Antonio Dols Sacristán ; prólogo de Alfonso González Rubio. aCastellón : b[s.n., c195-?] (fHijos de F. Armengot) a201 p. ; c21 cm.1 aGonzález Rubio, Alfonso.958940 aES-MaACLjC-10927 bR.38978 c150702d150702 00104070aATENEOMbATENEOMcSPALd2008-01-17eSCl0oC-10927p1157250r2023-02-23 00:00:00w2023-02-23yMONOGRAFIA